000 00292nam a22001217a 4500
008 171006b xxu||||| |||| 00| 0 eng d
041 _aeng
080 _28 ED
_a159.9
100 _a49
101 _aPSI
245 _aORGANIZATIONS BEHAVIOR STRUCTURE PROCESSES
_cGIBSON.D
942 _2udc
_cBK
999 _c32181
_d32181